Statistics for The USA Quiz - M

Click here to take the quiz!

General Stats

  • This quiz has been taken 283 times
    (276 since last reset)
  • The average score is 23 of 35

Answer Stats

Answer% Correct
US States beginning with MMaine
94%
Home of the Big MacMcDonalds
92%
US States beginning with MMontana
92%
US States beginning with MMinnesota
90%
US States beginning with MMichigan
89%
Heats up food byMicrowave oven
88%
US States beginning with MMissouri
88%
5th PresidentJames {Monroe}
86%
Originally called Norma Jeane MortensonMarilyn Monroe
86%
US States beginning with MMaryland
86%
US States beginning with MMassachusetts
85%
US States beginning with MMississippi
85%
Queen of PopMadonna
79%
Famous New Orleans CarnivalMardi Gras
77%
4th PresidentJames {Madison}
75%
Communicating through Dots and DashesMorse Code
75%
Major LeagueNew York {Mets}
75%
Ship that carried the Pilgrims from PlymouthMayflower
72%
Detroit music company from the 60'sMotown Records
72%
Catches rodentsMousetrap
69%
Has 90% share of operating systemsMicrosoft
65%
Largest Cities beginning with MMinneapolis
62%
NBAOrlando {Magic}
59%
Largest Cities beginning with MMiami
56%
NBADallas {Mavericks}
55%
Major LeagueSeattle {Mariners}
55%
25th PresidentWilliam {McKinley}
50%
Atomic research in World War 2Manhattan Project
49%
Largest Cities beginning with MMemphis
44%
Singer of CopacabanaBarry Manilow
42%
Also known as the Latter Day Saint movementMormonism
38%
PricelessMasterCard
34%
Largest Cities beginning with MMilwaukee
32%
The start of summerMemorial Day
27%
Largest Cities beginning with MMesa
16%

Score Distribution

Percentile by Number Answered

Percent of People with Each Score

Your Score History

You have not taken this quiz since the last reset